Lecture Ready 2. 2 Audio CDs : (Record no. 14718)
[ view plain ]
| 000 -LEADER | |
|---|---|
| fixed length control field | 00773nam a22001937a 4500 |
| 008 - FIXED-LENGTH DATA ELEMENTS--GENERAL INFORMATION | |
| fixed length control field | 100927s2006 enk|||||s|||| 00| 0 eng d |
| 020 ## - INTERNATIONAL STANDARD BOOK NUMBER | |
| International Standard Book Number | 9780194309691 |
| 020 ## - INTERNATIONAL STANDARD BOOK NUMBER | |
| International Standard Book Number | 019430969X |
| 082 ## - DEWEY DECIMAL CLASSIFICATION NUMBER | |
| Classification number | 371.30281 |
| Item number | LEC |
| 245 ## - TITLE STATEMENT | |
| Title | Lecture Ready 2. 2 Audio CDs : |
| Statement of responsibility, etc | Peg Sarosy, Kathy Sherak |
| Remainder of title | Strategies for Academic Listening, Note-taking, and Discussion / |
| 260 ## - PUBLICATION, DISTRIBUTION, ETC. (IMPRINT) | |
| Place of publication, distribution, etc | Oxford : |
| Name of publisher, distributor, etc | Oxford University Press, 2006 |
| Date of publication, distribution, etc | 2006 |
| 300 ## - PHYSICAL DESCRIPTION | |
| Extent | 2sound discs : |
| Other physical details | digital, stereo. ; |
| Dimensions | 4 3/4 in. + |
| Accompanying material | 1 text (viii, 120 p. : ill.), 1 answer key & transcripts (37 p.), 1 videodisc |
| 650 ## - SUBJECT ADDED ENTRY--TOPICAL TERM | |
| 9 (RLIN) | 8352 |
| Topical term or geographic name as entry element | Lecture method in teaching |
| 650 ## - SUBJECT ADDED ENTRY--TOPICAL TERM | |
| 9 (RLIN) | 19900 |
| Topical term or geographic name as entry element | Lectures and lecturing |
| 650 ## - SUBJECT ADDED ENTRY--TOPICAL TERM | |
| 9 (RLIN) | 1009 |
| Topical term or geographic name as entry element | Note-taking. |
| 650 ## - SUBJECT ADDED ENTRY--TOPICAL TERM | |
| 9 (RLIN) | 14009 |
| Topical term or geographic name as entry element | Study skills. |
| 700 ## - ADDED ENTRY--PERSONAL NAME | |
| 9 (RLIN) | 14001 |
| Personal name | Sherak, Kathy. |
| 942 ## - ADDED ENTRY ELEMENTS (KOHA) | |
| Source of classification or shelving scheme | Dewey Decimal Classification |
| Item type | |
| Withdrawn status | Lost status | Source of classification or shelving scheme | Damaged status | Not for loan | Koha collection | Location (home branch) | Sublocation or collection (holding branch) | Shelving location | Date acquired | Source of acquisition | Koha issues (times borrowed) | Koha full call number | Piece designation (barcode) | Koha date last seen | Price effective from | Koha item type | Public note | Koha date last borrowed | Koha renewals | Koha out on loan | Materials specified (bound volume or other part) |
|---|---|---|---|---|---|---|---|---|---|---|---|---|---|---|---|---|---|---|---|---|---|
| Dewey Decimal Classification | Baccah | Central Library | Central Library | First floor | 27/09/2010 | 371.30281 LEC | 000022146 | 24/08/2022 | 27/09/2010 | CD | DVD - (NB) | 2 Audio CDs | ||||||||||
| Dewey Decimal Classification | Baccah | Central Library | Central Library | First floor | 27/09/2010 | 1 | 371.30281 LEC | 000022145 | 24/08/2022 | 27/09/2010 | CD | DVD - (NB) | 2 Audio CDs | 17/01/2011 | ||||||||
| Dewey Decimal Classification | Baccah | Central Library | Central Library | First floor | 27/09/2010 | 2 | 371.30281 LEC | 000022151 | 24/08/2022 | 27/09/2010 | CD | DVD - (NB) | 2 Audio CDs | 26/06/2011 | 1 | |||||||
| Dewey Decimal Classification | Baccah | Central Library | Central Library | First floor | 27/09/2010 | 3 | 371.30281 LEC | 000022150 | 01/02/2012 | 27/09/2010 | CD | DVD - (NB) | 2 Audio CDs | 01/02/2012 | 2 | 14/12/2014 | ||||||
| Dewey Decimal Classification | Baccah | Central Library | Central Library | First floor | 27/09/2010 | 2 | 371.30281 LEC | 000022149 | 24/08/2022 | 27/09/2010 | CD | DVD - (NB) | 2 Audio CDs | 18/02/2013 | ||||||||
| Dewey Decimal Classification | Baccah | Central Library | Central Library | First floor | 27/09/2010 | 3 | 371.30281 LEC | 000022148 | 24/08/2022 | 27/09/2010 | CD | DVD - (NB) | 2 Audio CDs | 06/07/2011 | ||||||||
| Dewey Decimal Classification | Baccah | Central Library | Central Library | First floor | 27/09/2010 | 1 | 371.30281 LEC | 000022147 | 24/08/2022 | 27/09/2010 | CD | DVD - (NB) | 2 Audio CDs | 29/09/2010 | Lost In Inventory_2015-8-23 | |||||||
| Dewey Decimal Classification | Baccah | Central Library | Central Library | First floor | 27/09/2010 | 371.30281 LEC | 000014874 | 24/08/2022 | 27/09/2010 | CD | DVD - (NB) | 2 Audio CDS |